| 000 | 00632nam a2200277Ia 4500 | ||
|---|---|---|---|
| 001 | Z_1067 | ||
| 003 | CHAP | ||
| 008 | 220113s1951 xx 000 0 und d | ||
| 010 | _a164147 | ||
| 040 | _cCHAP | ||
| 082 | _a633.2 G67 | ||
| 100 |
_aGould, Frank W _950114 |
||
| 245 |
_aGrasses of southwestern United States / _cby Frank W. Gould |
||
| 260 |
_aTucson, Arizona : _bUniversity of Arizona, _c1951 |
||
| 300 | _a343 p | ||
| 440 | _a | ||
| 500 | _a | ||
| 503 | _a | ||
| 650 |
_aPastos _xE.U.A. I. t. _9138222 |
||
| 901 | _a633.2 G67 | ||
| 902 | _aA | ||
| 910 | _a1951 | ||
| 942 | _c1 | ||
| 942 | _cc1 | ||
| 999 |
_c164147 _d164147 |
||